00409pam a2200133 a 4500020001700000082001500017245004200032260006200074300002700136500004000163650002900203650002400232700001900256 a0471905402 :00a541.22 MOL00aMolecular potential energy functions  aChichester [West Sussex] ;aNew York :bJ. Wiley,cc1984. aviii, 197 p. :bill. ; a"A Wiley-Interscience publication." 0aExcited state chemistry. 0aMolecular dynamics.1 aMurrell, J. N.